Statistics for Name That Steven Universe Character!

Click here to take the quiz!

General Stats

  • This quiz has been taken 1,055 times
    (1,054 since last reset)
  • The average score is 17 of 24

Answer Stats

HintAnswer% Correct
Known by his phrase "If every porkchop were perfect, we wouldn't have hotdogs."Greg Universe
94%
Steven's over-protective guardian (Gem)Pearl
93%
A worker of Big Donut, romantic interest of SadieLars
92%
A fusion of Ruby and Sapphire, the de-facto leader of the Crystal GemsGarnet
91%
A worker of Big Donut, one of Steven's "best" friendSadie Miller
90%
The main character of the showSteven Quartz Universe
90%
A green-skin toned gem, now resides in Steven's bathroomPeridot
88%
Mother of Steven Universe, former leader of the Crystal GemsRose Quartz
86%
Steven's (and/or Rose's) magical petLion
85%
Steven's best friend, known to be his "jam bud"Connie Maheswaran
79%
The gem that Steven released from a mirrorLapis Lazuli
79%
A stout, lilac colored childish gemAmethyst
77%
One of the Homeworld Gems, escort of PeridotJasper
74%
Sang the song "Do or Do Nut", now he operates the machinery at FunlandMr. Harold Smiley
64%
Employee of Fish Stew Pizza, one of "The Cool Kids"Jennifer "Jenny" Pizza
63%
The mayor of Beach CityMayor Bill Dewey
59%
Twin sister of JennyKiki Pizza
58%
The mailman that delivered Steven's Cheeseburger BackpackJamie
52%
Father of Onion. step-father of Sour CreamYellowtail
52%
The proprietor of Beach Citywalk FriesMr. Fryman
48%
Sour Cream's biological father, ex-lover of VidaliaMarty
41%
Connie's over-protective motherDr. Priyanka Maheswaran
40%
Father of Connie, less talkative than his wifeMr. Doug Maheswaran
39%
Sadie's mother, an employee of the Beach City postal serviceBarbara Miller
31%

Score Distribution

Percentile by Number Answered

Percent of People with Each Score

Your Score History

You have not taken this quiz since the last reset